| 000 | 01632cam a2200433 a 4500 | ||
|---|---|---|---|
| 001 | 21951 | ||
| 003 | VRT | ||
| 005 | 20260316113735.0 | ||
| 008 | 240315s2010 xo a b 000 f slo | ||
| 015 | _aSNBA2011/04-02262 | ||
| 020 |
_a9788081250071 _q(viaz.) |
||
| 035 | _aAE1873F1-4E36-432A-9EF3-D53A51971287 | ||
| 035 | _aurn:nbn:sk:snk-amjx0a | ||
| 035 | _aurn:nbn:sk:snk-am0080uw | ||
| 039 | 9 |
_a202403151913 _bVLOAD _c202108021504 _dAUTHORITY _c202108021454 _dAUTHORITY _c202108021448 _dAUTHORITY |
|
| 040 |
_aPPPK _bslo _cPPPK _dSNK _eAACR2 |
||
| 041 | 1 |
_aslo _hrus |
|
| 044 |
_axo _cSK |
||
| 072 | 7 |
_a821-93 _xLiteratúra pre deti a mládež _2konspekt |
|
| 080 |
_a821-34 _22001 |
||
| 080 |
_a821-93 _22001 |
||
| 100 | 1 |
_aŠkvarnová, Otília, _d1953- _4aut |
|
| 240 | 1 | 0 |
_aSkazki o koldunach i kolduniach _lSlovensky |
| 245 | 1 | 0 |
_aRozprávky o bosorkách, čarodejniciach a ježibabách _c[prerozprávala Otília Škvarnová] ; ilustrácie Irina Petelinová ; [z ruského originálu preložila Eleonóra Bujnová] |
| 250 | _a1. vyd. | ||
| 260 |
_aBratislava _bJunior _c2010 |
||
| 300 |
_a78 s. _bfareb. ilustr. _c28 cm |
||
| 655 | 7 |
_arozprávky _2SNKPH |
|
| 655 | 7 |
_apublikácie pre deti _2SNKPH |
|
| 655 | 7 |
_aFairy tales _2SNKPHeng |
|
| 655 | 7 |
_aChildren's literature _2SNKPHeng |
|
| 700 | 1 |
_aPetelina, Irina Andrejevna, _d1964- _4ill |
|
| 700 | 1 |
_aBujnová, Eleonóra _4trl |
|
| 942 |
_2ddc _cKLDE _n0 |
||
| 949 |
_63869A13543 _abpksh821-34 _bbpksh63352 |
||
| 949 |
_617A0676166 _asnkSB 81023 _bsnk2011/4775 _o646/11 _s6100:20140925 |
||
| 949 |
_617A0676167 _asnkSB 81023 D1 _bsnk2011/4776 _o646/11 |
||
| 980 | _a821.161.1-34 | ||
| 999 |
_c21951 _d21951 |
||